000
00321nam a22001457a 4500
008
210527b ||||| |||| 00| 0 eng d
020
_a
9780595655960
041
_a
eng
080
_a
339.138
082
_a
339.138
100
_a
60
101
_a
MAR
245
_a
Marketing Baby Boomers
_c
Brent Green
942
_2
udc
_c
BK
999
_c
57716
_d
57716